000 01084nam a2200253 i 4500
001 42653
003 ES-MaACL
005 20250808063459.0
007 t|
008 030313s1848 sp ||||1| spa d
080 _a908(460.41)(02)"17"
100 1 _aCastillo Ruiz de Vergara, Pedro Agustín del,
_d1669-1741
_eaut
_936768
245 1 0 _aDescripción histórica y geográfica de las islas de Canaria :
_bque dedica y consagra al Príncipe Nuestro Sr. D. Fernando de Borbón /
_cPedro Agustín del Castillo, Ruiz de Vergara
260 _aSanta Cruz de Tenerife :
_b[s.n.],
_c1848
_f(Imp. Isleña)
300 _aXVII, 354 páginas ;
_c21 cm
530 _aDisponible en formato digital
651 0 _aCanarias-
_xDescripción-
_vObras anteriores a 1800
_9241654
651 0 _aCanarias-
_xDescripción-
_yS.XVIII
_9241651
852 4 _aES-MaACL
_cSPP3
_jG-12154
856 4 _uhttp://bdh-rd.bne.es/viewer.vm?id=0000074745&page=1
_yVersión en línea
_z(Biblioteca Digital Hispánica)
942 _2udc
_cMONANT
_n0
999 _c42653
_d42653